| 000 | 00538nam a2200181Ia 4500 | ||
|---|---|---|---|
| 008 | 090123s9999 xx 000 0 und d | ||
| 082 |
_b37992 _a891.463/फाटक |
||
| 100 | _aफाटक अनुराधा | ||
| 245 | _aजीवदान | ||
| 250 | _a1 | ||
| 260 |
_bसानिया पब्लिकेशन _c2005 |
||
| 300 | _a148 | ||
| 600 | _aफाटक अनुराधा | ||
| 630 | _aजीवदान | ||
| 700 | _aफाटक अनुराधा | ||
| 730 | _aजीवदान | ||
| 942 | _cBOOK | ||
| 999 |
_c76060 _d76060 |
||